000 00356nam a2200097Ia 4500
082 _a808|MTSH
245 0 _aSounds of a cowhide drum = Imisindo Yesigubhu Sesikhumba Senkomo
100 _a Mtshali, Oswald Mbuyiseni, , 1940- Auckland Park, South Africa, 2012 [Bilingual ed.]
_957737
942 _cBK
008 210817s9999 xx 000 0 und d
999 _c180566
_d180565